Statistics for Five Biggest Cities Of Every Country In Oceania

Click here to take the quiz!

General Stats

  • This quiz has been taken 20 times
  • The average score is 17 of 70

Answer Stats

Answer% Correct
Sydney
100%
Auckland
94%
Melbourne
94%
Perth
94%
Wellington
94%
Port Moresby
82%
Brisbane
76%
Suva
76%
Yaren District
76%
Adelaide
71%
Christchurch
71%
Majuro
71%
Nuku'alofa
71%
Tarawa
71%
Apia
65%
Honiara
65%
Port Vila
59%
Funafuti
53%
Hamilton
41%
Koror
41%
Koror Town
41%
Nadi
35%
Tauranga
29%
Weno
29%
Lae
24%
Lautoka
12%
Luganville
12%
Madang
12%
Mount Hagen
12%
Arawa
6%
Labasa
6%
Port-Olry
6%
Arijejen
0%
Arno
0%
Asau
0%
Auki
0%
Ba
0%
Bairiki Village
0%
Betio Village
0%
Bikenibeu Village
0%
Boe
0%
Buala
0%
Colonia
0%
Denigomodu
0%
Ebaye
0%
Faleula
0%
Gizo
0%
Haveluloto
0%
Isangel
0%
Jabor
0%
Kloulklubed
0%
Kolonia
0%
Kolonia Town
0%
Lapaha
0%
Menen
0%
Mengellang
0%
Motufoua School
0%
Mulifanua
0%
Neiafu
0%
Noro
0%
Norsup
0%
Savave Village
0%
Siusega
0%
Tanrake Village
0%
Tatakamotonga
0%
Teaoraereke Village
0%
Teava Village
0%
Tofol
0%
Ulimang
0%
Wotje
0%

Score Distribution

Percentile by Number Answered

Percent of People with Each Score

Your Score History

You have not taken this quiz